000 00681nam a2200289Ia 4500
005 20260324151026.0
008 008 260324s9999 xx 000 0 eng d
020 _a9781315830728
037 _aEBOOK
040 _aCRL
040 _beng
040 _cCRL
041 _2eng
041 _aeng
084 _qCRL
100 _aP. Bigandet
_91228454
245 4 _aThe Life or Legend of Gaudama
245 4 _bThe Buddha of the Burmese: Volume I
260 _bTaylor and Francis
260 _c1911
365 _a
365 _b420
856 _uhttp://www.taylorfrancis.com/books/9781315830728
942 _cEBOOK
999 _c1838888
_d1838888